Si Kabajan, (Record no. 60117)

MARC details
000 -LEADER
fixed length control field 00577cam a22002051 4500
001 - CONTROL NUMBER
control field sa 64007236
003 - CONTROL NUMBER IDENTIFIER
control field DLC
005 - DATE AND TIME OF LATEST TRANSACTION
control field 20260227112045.0
008 - FIXED-LENGTH DATA ELEMENTS--GENERAL INFORMATION
fixed length control field 940331s1959 io 000 0 ind
010 ## - LIBRARY OF CONGRESS CONTROL NUMBER
LC control number sa 64007236
025 ## - OVERSEAS ACQUISITION NUMBER
Overseas acquisition number PL480:Indo-790
035 ## - SYSTEM CONTROL NUMBER
System control number (OCoLC)30063828
040 ## - CATALOGING SOURCE
Original cataloging agency DLC
Transcribing agency CU
Modifying agency DLC
042 ## - AUTHENTICATION CODE
Authentication code premarc
050 00 - LIBRARY OF CONGRESS CALL NUMBER
Classification number PL5089.S6
Item number S5
100 1# - MAIN ENTRY--PERSONAL NAME
Personal name Sontani, Utuy Tatang,
Dates associated with a name 1920-
245 10 - TITLE STATEMENT
Title Si Kabajan,
Remainder of title komedi dua babak,
Statement of responsibility, etc. oleh Utuy T. Sontani.
260 ## - PUBLICATION, DISTRIBUTION, ETC.
Place of publication, distribution, etc. Djakarta,
Name of publisher, distributor, etc. Bagian Penerbitan Lembaga Kebudajaan Rakjat,
Date of publication, distribution, etc. 1959.
300 ## - PHYSICAL DESCRIPTION
Extent 38 p.
Dimensions 18 cm.

No items available.

Powered by Koha